[Event "4NCL/Div3/GLOSG vs. WOB"]
[Site "Hinckley Island ENG"]
[Date "2008.12.06"]
[Round "3.5"]
[White "Waterfield, John"]
[Black "Smith, Steve"]
[Result "1-0"]
[WhiteElo "2018"]
[BlackElo "1545"]
[PlyCount "71"]
[EventDate "2008.12.06"]
[SourceDate "2008.10.04"]

1. e4 e5 2. Nf3 Nc6 3. Nc3 Nf6 4. d4 exd4 5. Nxd4 Bc5 6. Be3 Bb6 7. Qd2 O-O 8.
O-O-O d6 9. f3 Re8 10. g4 Be6 11. Nxe6 Bxe3 12. Qxe3 fxe6 13. g5 Nh5 14. f4 Rf8
15. f5 e5 16. Nd5 Ne7 17. Bc4 Kh8 18. h4 a6 19. Qf3 Nxd5 20. Bxd5 Nf4 21. Bxb7
Ra7 22. Bc6 a5 23. Rhe1 Ra6 24. Ba4 Qa8 25. Re3 Rb6 26. Rb3 Rfb8 27. Re1 Rb4
28. Rxb4 axb4 29. Bb3 c5 30. f6 gxf6 31. gxf6 Rf8 32. f7 Qa6 33. Rg1 c4 34. Qg4
Ng6 35. Qe6 cxb3 36. Qf6# 1-0

[Event "4NCL/Div3/GLOSG vs. WOB"]
[Site "Hinckley Island ENG"]
[Date "2008.12.07"]
[Round "3.6"]
[White "Dodwell, Phil"]
[Black "Sivakumar, Athman"]
[Result "1-0"]
[WhiteElo "2005"]
[BlackElo "1792"]
[PlyCount "31"]
[EventDate "2008.12.06"]
[SourceDate "2008.10.04"]

1. e4 e6 2. Nf3 d5 3. e5 c5 4. b4 cxb4 5. a3 bxa3 6. Nxa3 Bxa3 7. Bxa3 Ne7 8.
d4 Nbc6 9. Bd3 Bd7 10. O-O O-O 11. Bxh7+ Kxh7 12. Ng5+ Kg6 13. Qg4 f5 14. Qg3
f4 15. Qg4 Rg8 16. Nxe6+ 1-0

[Event "4NCL/Div3/AMCAD vs. GUI4"]
[Site "Hinckley Island ENG"]
[Date "2008.12.07"]
[Round "4.1"]
[White "Webb, Richard M"]
[Black "Thorarinsonn, Pall"]
[Result "1/2-1/2"]
[WhiteElo "2259"]
[BlackElo "2245"]
[PlyCount "41"]
[EventDate "2008.12.07"]
[SourceDate "2008.10.04"]

1. e4 g6 2. d4 Bg7 3. Nf3 d6 4. Be2 Nf6 5. Nc3 O-O 6. O-O c5 7. d5 Na6 8. Re1
Nc7 9. a4 b6 10. Bg5 h6 11. Bh4 a6 12. h3 Nd7 {=} 13. Nd2 Rb8 14. Nc4 Ne5 15.
Nxe5 Bxe5 16. Qd2 Bg7 17. f4 b5 18. axb5 axb5 19. Ra7 b4 20. Nd1 Rb7 21. Rxb7
1/2-1/2

[Event "4NCL/Div3/AMCAD vs. GUI4"]
[Site "Hinckley Island ENG"]
[Date "2008.12.07"]
[Round "4.2"]
[White "Anderton, Matthew N"]
[Black "Purdon, Colin"]
[Result "1/2-1/2"]
[WhiteElo "2232"]
[BlackElo "2082"]
[PlyCount "27"]
[EventDate "2008.12.07"]
[SourceDate "2008.10.04"]

1. e4 Nf6 2. e5 Nd5 3. d4 d6 4. Nf3 dxe5 5. Nxe5 g6 6. Bc4 c6 7. Nd2 Bg7 8. O-O
O-O 9. Ndf3 Nd7 10. Bb3 Nxe5 11. Nxe5 Be6 12. Qe2 a5 13. a4 Qc8 14. Bxd5
1/2-1/2

[Event "4NCL/Div3/AMCAD vs. GUI4"]
[Site "Hinckley Island ENG"]
[Date "2008.12.07"]
[Round "4.3"]
[White "Duvall, Ian"]
[Black "Adair, James"]
[Result "1/2-1/2"]
[WhiteElo "2067"]
[BlackElo "2072"]
[PlyCount "60"]
[EventDate "2008.12.07"]
[SourceDate "2008.10.04"]

1. d4 Nf6 2. c4 e6 3. Nc3 Bb4 4. e3 O-O 5. Bd3 d5 6. cxd5 exd5 7. Nge2 b6 8.
O-O Bb7 9. Bd2 Bd6 10. Ng3 Re8 11. Rc1 c5 12. dxc5 bxc5 13. Re1 Nbd7 14. Nce2
Ne5 15. Bb1 Ne4 16. Nxe4 dxe4 17. Bc3 Ng4 18. Ng3 Qd7 19. Qe2 Rad8 20. Red1 Qe6
21. h3 Nf6 22. Nh5 Nxh5 23. Qxh5 f5 24. Rd2 Be7 25. Rcd1 g6 26. Qh6 Bf8 27. Qh4
Qe7 28. Qxe7 Bxe7 29. Bc2 Rxd2 30. Rxd2 Rd8 1/2-1/2

[Event "4NCL/Div3/AMCAD vs. GUI4"]
[Site "Hinckley Island ENG"]
[Date "2008.12.07"]
[Round "4.4"]
[White "Shepley, Julien M"]
[Black "McLaughlin, Noel"]
[Result "1/2-1/2"]
[WhiteElo "2115"]
[BlackElo "2025"]
[PlyCount "132"]
[EventDate "2008.12.07"]
[SourceDate "2008.10.04"]

1. d4 f5 2. Nf3 Nf6 3. Nc3 d5 4. Bf4 c6 5. e3 e6 6. a3 a5 7. h3 Be7 8. Be2 Nbd7
9. Ne5 Nxe5 10. Bxe5 Bd6 11. Bxd6 Qxd6 12. f4 b5 13. Bd3 Rb8 14. O-O Bd7 15.
Ne2 O-O 16. Qe1 c5 17. dxc5 Qxc5 18. Nd4 a4 19. c3 Ne4 20. Bxe4 dxe4 21. Rd1 e5
22. fxe5 Qxe5 23. Qh4 Rb6 24. Nc2 Rh6 25. Qf4 Qxf4 26. Rxf4 g5 27. Rf2 Be6 28.
Rd6 Rhf6 29. Nd4 Bc8 30. Nxb5 Ba6 31. Rxf6 Rxf6 32. Nc7 Bc4 33. Rd2 f4 34. Kf2
Bd3 35. Nd5 Rf7 36. Nb4 Bc4 37. Rd4 fxe3+ 38. Kxe3 Bf1 39. Rxe4 Bxg2 40. Rg4
Bxh3 41. Rxg5+ Kf8 42. c4 Rf1 43. Nd3 Rb1 44. Rh5 Bf1 45. Rh2 h5 46. c5 Ke7 47.
Kd2 Kd7 48. Kc2 Bxd3+ 49. Kxd3 Kc6 50. Kc2 Rg1 51. Rxh5 Rg2+ 52. Kc3 Kb5 53.
Rd5 Rg3+ 54. Kc2 Kc4 55. Rf5 Rg2+ 56. Kb1 Rg1+ 57. Ka2 Kb5 58. Rf4 Rc1 59. Rf5
Rg1 60. Rh5 Rc1 61. Rg5 Rf1 62. Rg4 Rc1 63. Rb4+ Ka5 64. Rh4 Rxc5 65. b4+ axb3+
66. Kxb3 Rb5+ 1/2-1/2

[Event "4NCL/Div3/AMCAD vs. GUI4"]
[Site "Hinckley Island ENG"]
[Date "2008.12.07"]
[Round "4.5"]
[White "Tart, Peter K"]
[Black "Stimpson, Philip M"]
[Result "1/2-1/2"]
[WhiteElo "2005"]
[BlackElo "2079"]
[PlyCount "60"]
[EventDate "2008.12.07"]
[SourceDate "2008.10.04"]

1. e4 d5 2. d4 dxe4 3. Nc3 Nf6 4. f3 exf3 5. Qxf3 c6 6. Bd3 Bg4 7. Qf2 e6 8. a3
Nbd7 9. Be3 Qa5 10. h3 Bf5 11. Bxf5 Qxf5 12. Nf3 Bd6 13. g4 Qa5 14. O-O Qc7 15.
Ne2 Ne4 16. Qh4 Bg3 17. Nxg3 Qxg3+ 18. Qxg3 Nxg3 19. Rfe1 Ne4 20. Bf4 f5 21.
Ng5 Nxg5 22. Bxg5 O-O 23. Rxe6 fxg4 24. hxg4 h6 25. Bd2 Rae8 26. Rae1 Kf7 27.
Rxe8 Rxe8 28. Rxe8 Kxe8 29. Kg2 {=} Kf7 30. c4 g5 1/2-1/2

[Event "4NCL/Div3/AMCAD vs. GUI4"]
[Site "Hinckley Island ENG"]
[Date "2008.12.07"]
[Round "4.6"]
[White "Bryant, Richard"]
[Black "Tunstall, George"]
[Result "0-1"]
[WhiteElo "1938"]
[BlackElo "2017"]
[PlyCount "106"]
[EventDate "2008.12.07"]
[SourceDate "2008.10.04"]

1. e4 c5 2. Nc3 Nc6 3. g3 g6 4. Bg2 Bg7 5. d3 e6 6. Be3 d6 7. Qd2 Nge7 8. Bh6
O-O 9. h4 f6 10. Bxg7 Kxg7 11. h5 g5 12. h6+ Kh8 13. f4 Rg8 14. Nh3 g4 15. Nf2
Rg6 16. Rh4 f5 17. O-O-O Ng8 18. exf5 exf5 19. Rdh1 Qf8 20. Nb5 a6 21. Qc3+ Nf6
22. Nc7 Rb8 23. Re1 Bd7 24. Bxc6 bxc6 25. Ne6 Bxe6 26. Rxe6 Re8 27. Rxe8 Qxe8
28. Ne4 Qe6 29. Rh5 fxe4 30. Rh1 Kg8 31. f5 Qxf5 32. Qb3+ d5 33. Qb8+ Kf7 34.
dxe4 Qxe4 35. Rf1 Qe7 36. Qf4 d4 37. Kd1 Kg8 38. Qb8+ Qf8 39. Qb7 Rxh6 40. Qxc6
Kg7 41. Qxa6 Qf7 42. b3 Rh5 43. Qd6 Rd5 44. Qf4 Kg6 45. Rh1 h5 46. Re1 Qd7 47.
Kc1 Rf5 48. Qd2 Qd5 49. Qa5 Rf2 50. Qa6 Qg5+ 51. Kb1 Qd2 52. Qd3+ Qxd3 53. cxd3
Nd5 0-1

[Event "4NCL/Div3/SSC vs. LIT1"]
[Site "Hinckley Island ENG"]
[Date "2008.12.07"]
[Round "4.1"]
[White "Elliston, Robert"]
[Black "Salisbury, Michael W"]
[Result "1/2-1/2"]
[WhiteElo "2128"]
[BlackElo "2119"]
[PlyCount "22"]
[EventDate "2008.12.07"]
[SourceDate "2008.10.04"]

1. c4 e5 2. g3 Nf6 3. Bg2 Nc6 4. Nc3 Bc5 5. Na4 Be7 6. d3 d5 7. cxd5 Nxd5 8.
Nf3 O-O 9. O-O Be6 10. Bd2 Nb6 11. Bc3 f6 1/2-1/2

[Event "4NCL/Div3/SSC vs. LIT1"]
[Site "Hinckley Island ENG"]
[Date "2008.12.07"]
[Round "4.2"]
[White "Sugden, John N"]
[Black "Fryer, David W"]
[Result "1/2-1/2"]
[WhiteElo "2173"]
[BlackElo "2072"]
[PlyCount "64"]
[EventDate "2008.12.07"]
[SourceDate "2008.10.04"]

1. e4 e5 2. Nf3 Nc6 3. Bb5 a6 4. Ba4 Nf6 5. O-O Nxe4 6. d4 b5 7. Bb3 d5 8. Nxe5
Nxe5 9. dxe5 Be6 10. c3 Be7 11. Be3 Qd7 12. Nd2 f5 13. Nxe4 fxe4 14. f3 exf3
15. Qxf3 O-O-O 16. a4 Rdf8 17. Qe2 Rxf1+ 18. Qxf1 Rf8 19. Qd3 h6 20. Qg6 b4 21.
Rd1 c6 22. Qxg7 bxc3 23. bxc3 h5 24. Rf1 Rxf1+ 25. Kxf1 Bg4 26. Bc2 Bf5 27.
Bxf5 Qxf5+ 28. Ke2 Qc2+ 29. Bd2 Qe4+ 30. Kf1 Qd3+ 31. Ke1 Qe4+ 32. Kf1 Qd3+
1/2-1/2

[Event "4NCL/Div3/SSC vs. LIT1"]
[Site "Hinckley Island ENG"]
[Date "2008.12.07"]
[Round "4.3"]
[White "Bucher, Grant W"]
[Black "Mansson, James C"]
[Result "1/2-1/2"]
[WhiteElo "1984"]
[BlackElo "2160"]
[PlyCount "75"]
[EventDate "2008.12.07"]
[SourceDate "2008.10.04"]

1. e4 c5 2. Nf3 d6 3. d4 cxd4 4. Nxd4 Nf6 5. Nc3 a6 6. Be3 e5 7. Nb3 Be6 8. Be2
Be7 9. O-O O-O 10. Qd2 Nbd7 11. Rad1 Rc8 12. f4 b5 13. f5 Bc4 14. Rfe1 Nb6 15.
Bf3 b4 16. Qf2 Nbd7 17. Nb1 Qc7 18. g4 h6 19. h4 Nh7 20. Rd2 Qd8 21. Red1 Bxh4
22. Qh2 d5 23. exd5 e4 24. Be2 Bg5 25. Bxg5 Nxg5 26. Qg3 Bxe2 27. Rxe2 Ne5 28.
c3 a5 29. cxb4 axb4 30. a3 Nd3 31. axb4 Qxd5 32. Nc5 Qd4+ 33. Qe3 Nf3+ 34. Kf1
Nh2+ 35. Kg1 Nf3+ 36. Kf1 Nh2+ 37. Kg1 Nf3+ 38. Kf1 1/2-1/2

[Event "4NCL/Div3/SSC vs. LIT1"]
[Site "Hinckley Island ENG"]
[Date "2008.12.07"]
[Round "4.4"]
[White "Compton, Alistair"]
[Black "Tucker, Andrew L"]
[Result "1-0"]
[WhiteElo "2090"]
[BlackElo "1977"]
[PlyCount "63"]
[EventDate "2008.12.07"]
[SourceDate "2008.10.04"]

1. e4 c5 2. Nc3 Nc6 3. Bb5 e6 4. Bxc6 bxc6 5. d3 g6 6. f4 Bg7 7. Nf3 d6 8. O-O
Ne7 9. Qe1 Rb8 10. b3 O-O 11. Bd2 Ba6 12. Qh4 d5 13. Rae1 c4 14. Na4 dxe4 15.
Ng5 h6 16. Nxe4 cxd3 17. Nac5 Bc8 18. Nxd3 Nf5 19. Qxd8 Rxd8 20. Ne5 Ba6 21. c4
Bb7 22. Ba5 Rd4 23. Bb4 Bf8 24. Nf6+ Kg7 25. Bxf8+ Rxf8 26. Nfd7 Rd8 27. Nc5
Ba8 28. g4 Nd6 29. Nxf7 Nxf7 30. Nxe6+ Kf6 31. g5+ Kf5 32. h3 1-0

[Event "4NCL/Div3/SSC vs. LIT1"]
[Site "Hinckley Island ENG"]
[Date "2008.12.07"]
[Round "4.5"]
[White "Grant, David"]
[Black "Edwards, Alan"]
[Result "1-0"]
[WhiteElo "2014"]
[BlackElo "2087"]
[PlyCount "95"]
[EventDate "2008.12.07"]
[SourceDate "2008.10.04"]

1. e4 e6 2. d4 d5 3. Nc3 Bb4 4. e5 Ne7 5. f4 c5 6. Bd2 Nbc6 7. Nf3 Nf5 8. Nb5
a6 9. c3 Ba5 10. g4 axb5 11. gxf5 cxd4 12. cxd4 Bxd2+ 13. Qxd2 Qa5 14. Rg1 Kf8
15. f6 gxf6 16. exf6 Qd8 17. Bxb5 Qxf6 18. Bxc6 bxc6 19. Ne5 Qh4+ 20. Qf2 Qxf2+
21. Kxf2 Bb7 22. a3 f6 23. Nd7+ Kf7 24. Nc5 Bc8 25. Rg3 Rg8 26. Rh3 Rg7 27. Re3
Rg4 28. Kf3 Rh4 29. Kg3 Rh6 30. Rae1 Rb8 31. b4 Ra8 32. a4 Rb8 33. Rb1 e5 34.
fxe5 Rh3+ 35. Kf2 Rxh2+ 36. Kg1 Rd2 37. Rf1 Rxd4 38. Rxf6+ Kg7 39. Rxc6 Rdxb4
40. e6 Rb1+ 41. Kf2 R8b2+ 42. Kg3 Rg1+ 43. Kf4 Bxe6 44. Nxe6+ Kf7 45. Ng5+ Kf8
46. Rf6+ Kg7 47. Rf7+ Kg6 48. Re6+ 1-0

[Event "4NCL/Div3/SSC vs. LIT1"]
[Site "Hinckley Island ENG"]
[Date "2008.12.07"]
[Round "4.6"]
[White "Jones, Christopher M"]
[Black "Woods, Tim"]
[Result "1/2-1/2"]
[WhiteElo "1947"]
[BlackElo "1900"]
[PlyCount "26"]
[EventDate "2008.12.07"]
[SourceDate "2008.10.04"]

1. d4 d6 2. e4 Nf6 3. Nc3 g6 4. Be3 c6 5. f3 Nbd7 6. Qd2 b5 7. O-O-O Qa5 8. Kb1
Nb6 9. Nd5 Qxd2 10. Nxf6+ exf6 11. Bxd2 Bd7 12. Ne2 O-O-O 13. Ng3 h5 1/2-1/2

[Event "4NCL/Div3/CAMB2 vs. PPA2"]
[Site "Hinckley Island ENG"]
[Date "2008.12.07"]
[Round "4.1"]
[White "Pickard, Charles"]
[Black "Rosen, Daniel B"]
[Result "1/2-1/2"]
[WhiteElo "2199"]
[BlackElo "2150"]
[PlyCount "28"]
[EventDate "2008.12.07"]
[SourceDate "2008.10.04"]

1. Nf3 f5 2. g3 Nf6 3. Bg2 e6 4. O-O Be7 5. d3 O-O 6. c4 Nc6 7. Nc3 d6 8. e4
fxe4 9. dxe4 e5 10. h3 Qe8 11. Be3 Kh8 12. Nh4 Ng8 13. Nf3 Nf6 14. Nh4 Ng8
1/2-1/2

[Event "4NCL/Div3/CAMB2 vs. PPA2"]
[Site "Hinckley Island ENG"]
[Date "2008.12.07"]
[Round "4.2"]
[White "Winfridsson, Ola"]
[Black "Mycroft, Richard"]
[Result "1/2-1/2"]
[WhiteElo "2133"]
[BlackElo "2150"]
[PlyCount "42"]
[EventDate "2008.12.07"]
[SourceDate "2008.10.04"]

1. d4 Nf6 2. c4 g6 3. g3 Bg7 4. Bg2 O-O 5. Nf3 d6 6. O-O c5 7. dxc5 dxc5 8. Ne5
Nfd7 9. Nd3 Nc6 10. Nc3 Nb6 11. Nxc5 Qxd1 12. Rxd1 Nxc4 13. Rb1 Rb8 14. b3 Bxc3
15. bxc4 Bg4 16. Bh6 Bxe2 17. Bxf8 Bxd1 18. Nd7 Bc2 19. Rc1 Rd8 20. Bxc6 bxc6
21. Rxc2 Rxd7 1/2-1/2

[Event "4NCL/Div3/CAMB2 vs. PPA2"]
[Site "Hinckley Island ENG"]
[Date "2008.12.07"]
[Round "4.3"]
[White "Beckett, Chris J"]
[Black "McCorry, Robert T"]
[Result "1-0"]
[WhiteElo "2096"]
[BlackElo "2059"]
[PlyCount "125"]
[EventDate "2008.12.07"]
[SourceDate "2008.10.04"]

1. d4 Nf6 2. c4 Nc6 3. Nc3 e5 4. d5 Ne7 5. h4 h5 6. e4 Ng6 7. Bg5 Be7 8. Be2
Ng8 9. Bxe7 Qxe7 10. d6 Qxd6 11. Qxd6 cxd6 12. Nb5 Ke7 13. O-O-O Nf6 14. Nxd6
Nf4 15. Bf3 g6 16. Kb1 Ne8 17. c5 Nxd6 18. cxd6+ Kf6 19. Ne2 Nxe2 20. Bxe2 b6
21. g4 Bb7 22. g5+ Kg7 23. f3 Rac8 24. Bb5 Bc6 25. Ba6 Rce8 26. Bc4 Rhf8 27.
Bd5 Rc8 28. Rhg1 Bxd5 29. Rxd5 Rfe8 30. Rc1 Rxc1+ 31. Kxc1 f6 32. gxf6+ Kxf6
33. Kd2 Ke6 34. Ke3 Rf8 35. Rd2 Rf4 36. Rg2 Kf6 37. Rh2 Kf7 38. Rh1 Kg7 39. Rh2
Rf6 40. Rd2 Rf4 41. Rh2 Kf6 42. Rh1 g5 43. hxg5+ Kxg5 44. Rg1+ Kh6 45. Rg8 Rf6
46. Re8 Rxd6 47. Rxe5 Kg6 48. f4 Rd1 49. Rg5+ Kh6 50. Rg8 Kh7 51. Rg5 Kh6 52.
Rg2 h4 53. Kf3 Kh5 54. Rg5+ Kh6 55. Kg4 Rd2 56. Rd5 Rxb2 57. Rd6+ Kg7 58. Rxd7+
Kf6 59. Rxa7 Rb4 60. e5+ Kg6 61. Ra3 Rb2 62. Rb3 Rxa2 63. Rxb6+ 1-0

[Event "4NCL/Div3/CAMB2 vs. PPA2"]
[Site "Hinckley Island ENG"]
[Date "2008.12.07"]
[Round "4.4"]
[White "Bailey, Kevin"]
[Black "Gooding, Ian"]
[Result "1/2-1/2"]
[WhiteElo "2071"]
[BlackElo "2004"]
[PlyCount "160"]
[EventDate "2008.12.07"]
[SourceDate "2008.10.04"]

1. e4 e6 2. Nf3 d5 3. Nc3 Nf6 4. e5 Nfd7 5. d4 c5 6. dxc5 Nc6 7. Bf4 Bxc5 8.
Bd3 f6 9. exf6 Qxf6 10. Bg3 O-O 11. O-O Nb6 12. Bb5 Bd7 13. Qd2 Be8 14. Rae1
Bg6 15. Ne5 Rac8 16. a4 a5 17. Bxc6 bxc6 18. Ne2 Bb4 19. c3 Bd6 20. Nxg6 Qxg6
21. Bxd6 Nc4 22. Qd4 Nxd6 23. Nf4 Qg4 24. Nxe6 Qxd4 25. Nxd4 Nc4 26. Re2 c5 27.
Nb5 Nb6 28. Ra1 Rf4 29. b3 c4 30. bxc4 Nxc4 31. g3 Rf6 32. Rd1 Nb6 33. Rd4 Rc4
34. Rxc4 dxc4 35. Ra2 Kf7 36. Nc7 Rc6 37. Nb5 Rc5 38. Kf1 Ke6 39. Ke2 Kd5 40.
Nd4 Rc8 41. Kd2 Rc7 42. Ra1 g6 43. Rb1 Nxa4 44. Ra1 Nc5 45. Rxa5 Rf7 46. f3 Kd6
47. Rb5 Kd5 48. Rb8 Kd6 49. Rd8+ Kc7 50. Rd5 Nb3+ 51. Ke3 Re7+ 52. Kf4 Rf7+ 53.
Kg4 Kc8 54. f4 Nd2 55. Nb5 Ne4 56. Rd4 Nf6+ 57. Kg5 Ne8 58. Rxc4+ Kb7 59. Nd4
Nd6 60. Rb4+ Kc8 61. c4 Rc7 62. Nb5 Rc5+ 63. Kg4 h5+ 64. Kf3 Nf5 65. Ke4 Kd7
66. Nd4 Nd6+ 67. Kd3 Ra5 68. Nc2 g5 69. fxg5 Rxg5 70. Ne3 Ra5 71. Rb2 Ra3+ 72.
Kd4 Rxe3 73. c5 Nf5+ 74. Kd5 Ne7+ 75. Kd4 Re1 76. Rb7+ Kc6 77. Rb6+ Kc7 78. Rf6
Re2 79. Rf7 Kd8 80. h3 Rg2 1/2-1/2

[Event "4NCL/Div3/CAMB2 vs. PPA2"]
[Site "Hinckley Island ENG"]
[Date "2008.12.07"]
[Round "4.5"]
[White "Lim, Mark"]
[Black "Davison, Chris"]
[Result "1/2-1/2"]
[WhiteElo "1897"]
[BlackElo "2020"]
[PlyCount "82"]
[EventDate "2008.12.07"]
[SourceDate "2008.10.04"]

1. Nf3 Nf6 2. c4 b6 3. g3 Bb7 4. Bg2 g6 5. b3 Bg7 6. Bb2 O-O 7. O-O d6 8. d4 a5
9. Re1 Na6 10. Nc3 Nd7 11. e4 e5 12. d5 Nac5 13. Qc2 c6 14. Ba3 cxd5 15. Nxd5
Bxd5 16. cxd5 Rc8 17. Qe2 f5 18. Nd2 fxe4 19. Nxe4 Nxe4 20. Bxe4 Nc5 21. Bxc5
bxc5 22. Rac1 Ra8 23. Rc4 Qd7 24. Ra4 Rfb8 25. Rc1 Rb4 26. Rc4 Rxa4 27. Rxa4
Bf6 28. h4 Bd8 29. h5 g5 30. Bf3 Qf7 31. Bg4 Kh8 32. Be6 Qe8 33. Qg4 Qf8 34. f4
gxf4 35. gxf4 Ra7 36. h6 Bf6 37. f5 Bg7 38. Qh5 Bxh6 39. Rg4 Rg7 40. Kf2 Rxg4
41. Qxg4 Qg7 1/2-1/2

[Event "4NCL/Div3/CAMB2 vs. PPA2"]
[Site "Hinckley Island ENG"]
[Date "2008.12.07"]
[Round "4.6"]
[White "McMahon, Paul"]
[Black "Kourtseva, Julie"]
[Result "1-0"]
[WhiteElo "2018"]
[BlackElo "1815"]
[PlyCount "87"]
[EventDate "2008.12.07"]
[SourceDate "2008.10.04"]

1. Nc3 c5 2. Nf3 Nf6 3. d4 cxd4 4. Nxd4 d5 5. Bg5 e6 6. e3 Be7 7. Bd3 O-O 8.
O-O Nc6 9. a3 Ne5 10. f4 Nxd3 11. Qxd3 b6 12. Nc6 Qc7 13. Nxe7+ Qxe7 14. f5 Bb7
15. Kh1 Rad8 16. Rad1 e5 17. Qe2 a6 18. Rd2 Qd6 19. Rfd1 Rd7 20. Bxf6 gxf6 21.
Ne4 Qe7 22. Qg4+ Kh8 23. Qh4 Kg7 24. Qg4+ Kh8 25. Qh4 Kg7 26. Ng3 Rd6 27. Nh5+
Kh8 28. c4 d4 29. exd4 exd4 30. Rxd4 Rxd4 31. Qxd4 Bxg2+ 32. Kxg2 Qe2+ 33. Kh1
Qf3+ 34. Kg1 Qxh5 35. Qxf6+ Kg8 36. Rd3 Re8 37. Rg3+ Kf8 38. Qh8+ Ke7 39. Re3+
Kd7 40. Qd4+ Kc6 41. Rxe8 Qg5+ 42. Kh1 Qc1+ 43. Qg1 Qxb2 44. Qg2+ 1-0

[Event "4NCL/Div3/BRI2 vs. NOTT1"]
[Site "Hinckley Island ENG"]
[Date "2008.12.07"]
[Round "4.1"]
[White "Collier, David O"]
[Black "Richmond, Robert J"]
[Result "1-0"]
[WhiteElo "2089"]
[BlackElo "2236"]
[PlyCount "77"]
[EventDate "2008.12.07"]
[SourceDate "2008.10.04"]

1. d4 Nf6 2. Bg5 d5 3. Bxf6 exf6 4. c4 dxc4 5. e3 Be6 6. Ne2 c6 7. Nf4 Bb4+ 8.
Nc3 Bxc3+ 9. bxc3 b5 10. a4 O-O 11. axb5 cxb5 12. Qf3 Nd7 13. Nxe6 fxe6 14. Qc6
Nb6 15. Qxb5 Qc7 16. Be2 Rfc8 17. Bf3 Rab8 18. Qa6 Kf7 19. O-O Nd5 20. Bxd5
exd5 21. Qxa7 Rb3 22. Rfc1 Ke6 23. g4 g6 24. Kg2 Rb7 25. Qa2 Rcb8 26. Qe2 Kf7
27. Ra6 Rb6 28. Rxb6 Rxb6 29. Qa2 Qc8 30. h3 Kg7 31. Qa7+ Rb7 32. Qa6 Qd7 33.
Ra1 Qe7 34. Qc6 Qe4+ 35. Kg3 Rf7 36. Qd6 h5 37. gxh5 gxh5 38. Qf4 Qd3 39. Rg1
1-0

[Event "4NCL/Div3/BRI2 vs. NOTT1"]
[Site "Hinckley Island ENG"]
[Date "2008.12.07"]
[Round "4.2"]
[White "Walker, Andrew N"]
[Black "Humphreys, Jerry"]
[Result "1/2-1/2"]
[WhiteElo "2070"]
[BlackElo "2067"]
[PlyCount "68"]
[EventDate "2008.12.07"]
[SourceDate "2008.10.04"]

1. e4 c5 2. Nc3 Nc6 3. g3 g6 4. Bg2 Bg7 5. d3 d6 6. Be3 e6 7. Nge2 Nd4 8. O-O
Rb8 9. Qd2 b5 10. Nd1 Bd7 11. c3 Nxe2+ 12. Qxe2 b4 13. f4 Ne7 14. g4 bxc3 15.
Nxc3 f5 16. gxf5 gxf5 17. Rad1 O-O 18. Kh1 Qb6 19. Rd2 Bc6 20. e5 Rfd8 21. d4
dxe5 22. dxc5 Qb7 23. Rfd1 Bxg2+ 24. Qxg2 Qxg2+ 25. Kxg2 Rxd2+ 26. Rxd2 Bh6 27.
Kf3 Nc6 28. b3 exf4 29. Bxf4 Bxf4 30. Kxf4 Rb4+ 31. Ke3 e5 32. Rd7 Rh4 33. Nd5
Rh3+ 34. Kf2 Rxh2+ 1/2-1/2

[Event "4NCL/Div3/BRI2 vs. NOTT1"]
[Site "Hinckley Island ENG"]
[Date "2008.12.07"]
[Round "4.3"]
[White "Bass, John W"]
[Black "Levens, David"]
[Result "1/2-1/2"]
[WhiteElo "2099"]
[BlackElo "2005"]
[PlyCount "111"]
[EventDate "2008.12.07"]
[SourceDate "2008.10.04"]

1. d4 d5 2. Nf3 Nf6 3. c4 c6 4. Nc3 dxc4 5. a4 Bf5 6. e3 e6 7. Bxc4 Bb4 8. O-O
Nbd7 9. Qe2 Bg6 10. Rd1 Qa5 11. Bd2 O-O 12. e4 e5 13. d5 Rac8 14. dxc6 bxc6 15.
Ne1 Bh5 16. f3 Rfd8 17. Nd3 Bc5+ 18. Kh1 Qc7 19. Nxc5 Nxc5 20. Bg5 Ncd7 21.
Rac1 Rb8 22. b3 Nc5 23. Rxd8+ Qxd8 24. Rd1 Qa5 25. Qc2 Qb4 26. Na2 Qb7 27. Bxf6
gxf6 28. b4 Ne6 29. Bxe6 fxe6 30. Qc4 Bf7 31. h3 Kg7 32. Rc1 Be8 33. Qc5 Rd8
34. Nc3 Rd4 35. b5 Kf7 36. Rb1 Qe7 37. Qxe7+ Kxe7 38. b6 axb6 39. Rxb6 Rc4 40.
Rb3 c5 41. a5 Rb4 42. Ra3 c4 43. Ra1 Rb3 44. a6 Bc6 45. a7 Rxc3 46. a8=Q Bxa8
47. Rxa8 Rc1+ 48. Kh2 c3 49. Rc8 Kd7 50. Rc4 f5 51. Kg3 f4+ 52. Kh2 h6 53. Rc5
Kd6 54. Rc4 Ke7 55. Rc7+ {=} Kf6 56. Rc6 1/2-1/2

[Event "4NCL/Div3/BRI2 vs. NOTT1"]
[Site "Hinckley Island ENG"]
[Date "2008.12.07"]
[Round "4.4"]
[White "Truman, Richard G"]
[Black "Littlejohns, David P"]
[Result "0-1"]
[WhiteElo "2035"]
[BlackElo "2066"]
[PlyCount "90"]
[EventDate "2008.12.07"]
[SourceDate "2008.10.04"]

1. e4 c6 2. d4 d5 3. exd5 cxd5 4. c4 Nf6 5. Nc3 Nc6 6. Bg5 dxc4 7. Bxc4 e6 8.
Nf3 Be7 9. O-O O-O 10. a3 Nd5 11. Be3 Nxc3 12. bxc3 Bf6 13. Bf4 Na5 14. Ba2 b6
15. Qd3 Bb7 16. Rad1 Bxf3 17. Qxf3 Rc8 18. Qd3 Qe7 19. c4 Rfd8 20. Rfe1 Rxd4
21. Qf3 Rxd1 22. Rxd1 Rd8 23. Re1 Qc5 24. h4 Nxc4 25. Qe4 b5 26. a4 Qd4 27.
axb5 Nb6 28. g3 Qxe4 29. Rxe4 Nd5 30. Bd2 Nc7 31. Ba5 Rd1+ 32. Kg2 Nxb5 33. Rb4
a6 34. Bc4 Bc3 35. Ra4 Ra1 36. Rxa1 Bxa1 37. Kf3 Kf8 38. Ke4 Ke7 39. Bb4+ Kd7
40. f4 f5+ 41. Kd3 Bf6 42. Ke3 Be7 43. Bxe7 Kxe7 44. Kd3 Kd6 45. Ke3 Nc7 0-1

[Event "4NCL/Div3/BRI2 vs. NOTT1"]
[Site "Hinckley Island ENG"]
[Date "2008.12.07"]
[Round "4.5"]
[White "Richardt, Mike"]
[Black "Combie, Alexander"]
[Result "1/2-1/2"]
[WhiteElo "1951"]
[BlackElo "1950"]
[PlyCount "23"]
[EventDate "2008.12.07"]
[SourceDate "2008.10.04"]

1. d4 d5 2. c4 e6 3. Nc3 c6 4. e3 Nf6 5. Nf3 Nbd7 6. Qc2 Bd6 7. g4 Bb4 8. Bd2
Qe7 9. g5 Bxc3 10. Bxc3 Ne4 11. Rg1 Nxc3 12. Qxc3 1/2-1/2

[Event "4NCL/Div3/BRI2 vs. NOTT1"]
[Site "Hinckley Island ENG"]
[Date "2008.12.07"]
[Round "4.6"]
[White "Kingston, Ian"]
[Black "Varley, Ed"]
[Result "1-0"]
[WhiteElo "2002"]
[BlackElo "1910"]
[PlyCount "35"]
[EventDate "2008.12.07"]
[SourceDate "2008.10.04"]

1. e4 c6 2. d4 d5 3. Nc3 dxe4 4. Nxe4 Bf5 5. Ng3 Bg6 6. N1e2 e6 7. Nf4 Nf6 8.
h4 c5 9. h5 Be4 10. Nxe4 Nxe4 11. Bb5+ Nd7 12. O-O a6 13. Bc4 Qf6 14. Re1 Ng5
15. Nd5 Qd8 16. Bxg5 Qxg5 17. Nc7+ Kd8 18. Nxa8 1-0

[Event "4NCL/Div3/WWKS2 vs. OXF2"]
[Site "Hinckley Island ENG"]
[Date "2008.12.07"]
[Round "4.1"]
[White "Galloway, Iain"]
[Black "Chapman, Graham W"]
[Result "1-0"]
[WhiteElo "2139"]
[BlackElo "2080"]
[PlyCount "87"]
[EventDate "2008.12.07"]
[SourceDate "2008.10.04"]

1. e4 e6 2. d4 d5 3. Nc3 dxe4 4. Nxe4 Nd7 5. Nf3 Ngf6 6. Ng3 b6 7. Bd3 Bb7 8.
O-O Be7 9. Re1 O-O 10. Qe2 Re8 11. Ne5 Nf8 12. c3 Rc8 13. Bg5 Nd5 14. Bd2 Bg5
15. Be4 Bxd2 16. Qxd2 c6 17. Rad1 Qe7 18. Bb1 Ng6 19. Nxg6 hxg6 20. Re5 Rcd8
21. c4 Nf6 22. Qe2 Qc7 23. h4 c5 24. h5 Rxd4 25. Rxd4 cxd4 26. hxg6 Qc6 27.
gxf7+ Kxf7 28. f3 Qd6 29. Rg5 Qf4 30. Bg6+ Kf8 31. Qe5 Qxe5 32. Rxe5 Re7 33.
Ne2 Rd7 34. Nf4 Kg8 35. Rxe6 Ba6 36. b3 Bb7 37. Kf2 Kf8 38. Ke2 Re7 39. Rxe7
Kxe7 40. Kd3 Kd7 41. Kxd4 a5 42. Nh5 Nxh5 43. Bxh5 Bc6 44. Bf7 1-0

[Event "4NCL/Div3/WWKS2 vs. OXF2"]
[Site "Hinckley Island ENG"]
[Date "2008.12.07"]
[Round "4.2"]
[White "Bruce, Dave"]
[Black "Malik, Kaiser"]
[Result "1/2-1/2"]
[WhiteElo "2078"]
[BlackElo "2075"]
[PlyCount "57"]
[EventDate "2008.12.07"]
[SourceDate "2008.10.04"]

1. e4 d5 2. exd5 Nf6 3. d4 Bg4 4. Nf3 Qxd5 5. Be2 Nc6 6. h3 Qh5 7. Be3 O-O-O 8.
c3 e5 9. Qa4 e4 10. Ng1 Bxe2 11. Nxe2 Bd6 12. Nd2 Nd5 13. g4 Qh4 14. Nc4 h5 15.
Kd2 Nxe3 16. fxe3 hxg4 17. hxg4 Qxg4 18. Nxd6+ cxd6 19. Rhg1 Qh5 20. Raf1 g5
21. Rf5 Rhg8 22. Qc4 d5 23. Rxd5 Kb8 24. Rf5 f6 25. Qe6 Ne5 26. Rxe5 fxe5 27.
Qxe5+ Ka8 28. Qxe4 g4 29. Rh1 1/2-1/2